Top 21 Countries By Road Network Size - Statistics

General Stats
  • This quiz has been taken 25 times
  • The average score is 19 of 21
Answer Stats
Network Size (km) Answer % Correct
873,573 Australia
100%
2,000,000 Brazil
100%
1,042,300 Canada
100%
5,350,000 China
100%
644,480 Germany
100%
1,218,772 Japan
100%
817,596 Mexico
100%
1,538,875 Russia
100%
6,832,000 United States
100%
1,053,215 France
95%
6,700,000 India
95%
850,000 Indonesia
95%
683,175 Spain
95%
487,700 Italy
91%
750,000 South Africa
91%
438,633 Turkey
86%
429,800 Poland
77%
702,989 Thailand
68%
573,134 Sweden
64%
570,448 Vietnam
59%
454,000 Finland
55%
No matching quizzes found
Score Distribution
Percent of People with Each Score
Percentile by Number Answered
Your Score History
You have not taken this quiz